Blitz: Ends in 'O' Quiz Stats

Quiz Updated Jul 14, 2015

Also try: OO Words
Challenge
Share
Tweet
Embed
Score 0/34 Timer 04:00
2 Plays Today
Category Answer % Correct
One-digit numberTwo
97.4%
U.S. stateColorado
97.3%
Beatles memberRingo
93.4%
Rainbow colorIndigo
84.1%
Voice rangeSoprano
83.6%
Shakespeare playOthello
83.2%
Extinct birdDodo
81.8%
U2 memberBono
81.2%
Zodiac signLeo
79.5%
Teenage Mutant Ninja TurtleLeonardo
78.7%
Marx brotherGroucho
76.4%
North American countryMexico
73.7%
World capitalTokyo
67.2%
Herb/spiceOregano
65.9%
MarsupialKangaroo
65.9%
Canadian provinceOntario
64.3%
African countryMorocco
64.2%
Category Answer % Correct
V-8 juice vegetableTomato
63.8%
Hitchcock moviePsycho
61.5%
Radio alphabet letterBravo
59.1%
Fellowship of the Ring memberFrodo
59%
Jackson 5 memberTito
58.3%
''The Cosby Show'' family memberTheo
50.4%
''Sesame Street'' MuppetElmo
50.4%
European countryMonaco
48.2%
Greek deityApollo
45.5%
Greek letterRho
44.3%
Current Olympic sportWater polo
43.6%
James Bond movieDr. No
41.7%
U.S. state capitalSacramento
39.7%
National Toy Hall of Fame inducteeDuncan Yo-Yo
38.1%
''The Simpsons'' characterOtto
35.1%
NutPistachio
32.8%
Disney/Pixar animated moviePinocchio
31.6%

You're not logged in!

Compare scores with friends on all Sporcle quizzes.
Sign Up with Email
OR
Log In

You Might Also Like...

Show Comments

Extras

Top Quizzes Today


Score Distribution

Your Account Isn't Verified!

In order to create a playlist on Sporcle, you need to verify the email address you used during registration. Go to your Sporcle Settings to finish the process.